A religião nos limites da simples razão (Record no. 59416)

MARC details
000 -LÍDER
campo de controle de tamanho fixo 00363 a2200145 4500
001 - NÚMERO DE CONTROLE
campo de controle 59416
020 ## - ISBN - INTERNATIONAL STANDARD BOOK NUMBER
ISBN - International Standard Book Number 8575566008
040 ## - FONTE DA CATALOGAÇÃO
Instituição que transcreveu o registro Anchieta - Pituba
100 ## - ENTRADA PRINCIPAL--NOME PESSOAL
Nome pessoal Kant, Emmanuel
240 10 - TÍTULO UNIFORME
Título uniforme A religião nos limites da simples razão
Idioma da obra por
245 10 - TÍTULO
Título A religião nos limites da simples razão
300 ## - DESCRIÇÃO FÍSICA
Extensão 190
650 #4 - ASSUNTO--TERMO TÓPICO
Cabeçalho tópico ou nome geográfico Alemanha e Austrália
942 ## - ELEMENTOS DE ENTRADA ADICIONADOS (KOHA)
Tipo de material Koha Livros
Holdings
Situação do descarte Situação das perdas Situação física Não pode ser emprestado Biblioteca de origem Biblioteca atual Data de aquisição Total de empréstimos Número de chamada completo Código de barras Data de último acesso Data do preço efetivo Tipo de material Koha
        Colégio Anchieta - Pituba Colégio Anchieta - Pituba 21/11/2023   193 K16r KAN REL 10522/PIT 21/11/2023 21/11/2023 Livros